Mastering System Center 2012 R2 Configuration Manager /

Bibliographic Details
Main Authors: Martinez, Santos, 1982- (Author), Daalmans, Peter (Author), Bennett, Brett (Author)
Corporate Author: ebrary, Inc
Format: eBook
Language:English
Published: Indianapolis, Indiana : John Wiley & Sons, Inc., [2014]
Subjects:
Online Access:Connect to the full text of this electronic book

MARC

Tag First Indicator Second Indicator Subfields
LEADER 00000cam a2200000Li 4500
001 in00003445310
006 m o d
007 cr |n|
008 140420s2014 inua o 001 0 eng d
005 20250816210721.0
020 |a 1118821858 (electronic bk.) 
020 |a 9781118821855 (electronic bk.) 
020 |z 9781118821701 (pbk.) 
020 |z 111882170X (pbk.) 
035 |a (NhCcYBP)ebr10842286 
040 |a NhCcYBP  |c NhCcYBP  |d UtOrBLW 
050 4 |a TK5105.548  |b .M37 2014 
082 0 4 |a 004.6068  |2 23 
100 1 |a Martinez, Santos,  |d 1982-  |e author. 
245 1 0 |a Mastering System Center 2012 R2 Configuration Manager /  |c Santos Martinez, Peter Daalmans, Brett Bennett. 
264 1 |a Indianapolis, Indiana :  |b John Wiley & Sons, Inc.,  |c [2014] 
300 |a 1 online resource. 
336 |a text  |b txt  |2 rdacontent 
337 |a computer  |b c  |2 rdamedia 
338 |a online resource  |b cr  |2 rdacarrier 
500 |a Includes index. 
588 |a Description based on print version record. 
500 |a Electronic resource. 
630 0 0 |a Microsoft System center configuration management. 
650 0 |a Computer networks  |x Management. 
650 0 |a Information technology  |x Management. 
650 0 |a Client/server computing. 
655 7 |a Electronic books.  |2 local 
700 1 |a Daalmans, Peter,  |e author. 
700 1 |a Bennett, Brett,  |e author. 
710 2 |a ebrary, Inc. 
776 1 8 |c Original  |z 9781118821701  |z 111882170X 
856 4 1 |u https://ebookcentral.proquest.com/lib/tamucs/detail.action?docID=1638152  |y Connect to the full text of this electronic book  |t 0 
955 |a YBP purchased DDA e-records 
999 f f |s ca4608fe-634a-3d26-a41d-005d26273df8  |i b72de590-ffc0-3490-a364-6f48d7a594f8  |t 0 
999 |a MARS 
952 f f |a Texas A&M University  |b College Station  |c Electronic Resources  |d Available Online  |t 0  |e TK5105.548 .M37 2014  |h Library of Congress classification 
998 f f |a TK5105.548 .M37 2014  |t 0  |l Available Online